Statistics for Swansea City FC 2023-24 Squad

Click here to take the quiz!

General Stats

  • This quiz has been taken 31 times
  • The average score is 21 of 29

Answer Stats

HintAnswer% Correct
8 - MIDMatt Grimes
100%
1 - GKAndy Fisher
94%
5 - DEFBenjamin Cabango
94%
6 - DEFHarry Darling
94%
4 - MIDJay Fulton
94%
31 - MIDOllie Cooper
94%
22 - GK
(In on loan)
Carl Rushworth
89%
10 - ATT
(In on loan)
Jamal Lowe
89%
12 - MIDJamie Paterson
89%
7 - MIDJoe Allen
89%
20 - ATTLiam Cullen
89%
9 - ATTJerry Yates
83%
2 - DEFJosh Key
83%
18 - MID
(In on loan)
Charlie Patino
78%
3 - DEFKrystian Pederson
78%
23 - DEFNathan Wood
78%
26 - DEFKyle Naughton
72%
14 - DEFJosh Tymon
67%
28 - MIDLiam Walsh
67%
33 - DEF
(In on loan)
Bashir Humphreys
61%
30 - DEF
(In on loan)
Harrison Ashby
61%
11 - ATTJosh Ginnelly
61%
45 - MIDCameron Congreve
56%
MANMichael Duff
56%
47 - MIDAzeem Abdulai
39%
19 - ATTMykola Kukharevych
33%
29 - GKNathan Broome
33%
21 - DEFNathan Tjoe-A-On
33%
15 - DEFNathanael Ogbeta
28%

Score Distribution

Percentile by Number Answered

Percent of People with Each Score

Your Score History

You have not taken this quiz